| 000 | 00536nam a22002057a 4500 | ||
|---|---|---|---|
| 999 |
_c526 _d526 |
||
| 003 | OSt | ||
| 005 | 20200128103159.0 | ||
| 008 | 140925b xxu||||| |||| 00| 0 eng d | ||
| 020 | _a9781444121513 | ||
| 040 | _cDNLM | ||
| 082 | _aWB18 S26e 2011 | ||
| 100 |
_aSyed, Irfan; Syed, Zishan _91358 |
||
| 245 | _aEMQs in Clinical Medicine | ||
| 250 | _a2nd ed | ||
| 260 |
_aUK; _bHodder Arnold, _c2011 |
||
| 300 |
_aix, 308 p : _bill; _c26 cm |
||
| 504 | _aIncludes answers and index | ||
| 650 |
_aClinical Medicine _91359 |
||
| 942 |
_2z _cSLOAN |
||